Szczegóły MARC21

Mamusiu gdzie jesteś? [czyli O trudnych wyborach współczesnej kobiety] /

003 -Nazwa inst., której nr kontr. jest w polu 001 [,]
    • @
    • Nazwa instytucji, której n kontrolny jest w polu 001
    • NUKAT
005 -DATA I CZAS OSTATNIEJ MODYFIKACJI [,]
    • @
    • pole kontrolne
    • 20241231111850.0
020 -Międzynarod. znormalizowany nr książki - ISBN [ , ]
    • a
    • Numer ISBN
    • 838543531X Find
040 -Instytucja sporządzająca opis [ , ]
    • a
    • Instytucja, która sporządziła opis (NP)
    • WA M/MM
    • c
    • Instytucja, która sporządziła rekord (NP)
    • WA M/MM
    • d
    • Instytucja, która zmodyfikowała rekord (P)
    • WA M/LS
    • d
    • Instytucja, która zmodyfikowała rekord (P)
    • Ł U/JOs
    • d
    • Instytucja, która zmodyfikowała rekord (P)
    • WR O/dja
041 -Język dokumentu [1, ]
    • a
    • Język tekstu (P)
    • polski
    • h
    • Język tekstu oryginalnego i/lub pośredniego (P)
    • angielski
942 -Rodzaj dokumentu [ , ]
    • c
    • Rodzaj dokumentu
    • Książka
100 -Hasło główne - nazwa osobowa [1, ]
    • a
    • Nazwa osobowa (NP)
    • Mills, Kathi
    • d
    • Daty biograficzne (NP)
    • (1948- ).
    • 9
    • KHW
    • 521994
245 -Strefa tytułu i oznaczenia odpowiedzialności [1,0]
    • a
    • Tytuł
    • Mamusiu gdzie jesteś? [czyli O trudnych wyborach współczesnej kobiety] / Find
    • c
    • Pozostałe elementy strefy tytułu i oznaczenia odpowiedzialności (NP)
    • Kathi Mills ; [przekł. Aleksandra Czwojdrak].
246 -Wariant tytułu [1,5]
    • a
    • Tytuł (NP)
    • O trudnych wyborach współczesnej kobiety
246 -Wariant tytułu [1, ]
    • i
    • Tekst wyświetlany na ekranie monitora (NP)
    • Tyt. oryg.:
    • a
    • Tytuł (NP)
    • Mommy, where are you?
260 -Strefa adresu wydawniczego [ , ]
    • a
    • Miejsce wydania (P)
    • Warszawa :
    • b
    • Nazwa wydawcy (P)
    • Oficyna Wydawnicza Vocatio,
    • c
    • Data wydania (P)
    • 1994.
300 -Strefa opisu fizycznego [ , ]
    • a
    • Określenie formy książki i/lub objętość (NP)
    • 146, [14] s. ;
    • c
    • Format (NP)
    • 20 cm.
336 -Typ zawartości [ , ]
    • a
    • Termin opisujący typ zawartości
    • Tekst
    • b
    • Kod określający zawartość
    • txt
    • 2
    • Źródło (terminu i kodu)
    • rdacontent
337 -Typ mediów [ , ]
    • a
    • Tryb odtwarzania
    • Bez urządzenia pośredniczącego
    • b
    • Kod typu mediów
    • n
    • 2
    • Źródło (terminu i kodu)
    • rdamedia
338 -Typ/rodzaj nośnika [ , ]
    • a
    • Hasło opisujące typ nośnika
    • Wolumin
    • b
    • Kod typu nośnika
    • nc
    • 2
    • Źródło (terminu i kodu)
    • rdacarrier
500 -Uwaga ogólna [ , ]
    • a
    • Uwaga ogólna (NP)
    • Tyt. oboczny na okł.
080 -Uniwersalna Klasyfikacja Dziesiętna [ , ]
    • a
    • Symbol klasyfikacji
    • 173
    • 2
    • Identyfikator wydania tablic
    • UDC-P058
    • 9
    • UKD
    • 2475
    • b
    • Dopowiedzenie
    • Moralność rodzinna. Małżeństwo. Poligamia i monogamia. Wolna miłość. Aborcja. Stosunki rodzinne.
080 -Uniwersalna Klasyfikacja Dziesiętna [ , ]
    • a
    • Symbol klasyfikacji
    • 159.922.7
    • 2
    • Identyfikator wydania tablic
    • UDC-P058
    • 9
    • UKD
    • 2421
    • b
    • Dopowiedzenie
    • Psychologia dziecka.
080 -Uniwersalna Klasyfikacja Dziesiętna [ , ]
    • a
    • Symbol klasyfikacji
    • 37.018.1
    • 2
    • Identyfikator wydania tablic
    • UDC-P058
    • 9
    • UKD
    • 3841
    • b
    • Dopowiedzenie
    • Wychowanie w domu. Wychowanie w rodzinie. Pedagogika rodzinna.
650 -Hasło przedmiotowe [ ,7]
    • a
    • Hasło przedmiotowe
    • Etyka chrześcijańska
    • v
    • Określnik formalny
    • wydawnictwa popularne.
    • 2
    • Źródło terminu
    • kaba
    • 9
    • KHW
    • 419245
650 -Hasło przedmiotowe [ ,7]
    • a
    • Hasło przedmiotowe
    • Kobiety
    • x
    • Określnik rzeczowy
    • praca
    • v
    • Określnik formalny
    • wydawnictwa popularne.
    • 2
    • Źródło terminu
    • kaba
    • 9
    • KHW
    • 522198
650 -Hasło przedmiotowe [ ,7]
    • a
    • Hasło przedmiotowe
    • Macierzyństwo
    • v
    • Określnik formalny
    • wydawnictwa popularne.
    • 2
    • Źródło terminu
    • kaba
    • 9
    • KHW
    • 522200
650 -Hasło przedmiotowe [ ,7]
    • a
    • Hasło przedmiotowe
    • Kobiety
    • x
    • Określnik rzeczowy
    • praca
    • z
    • Określnik geograficzny
    • Stany Zjednoczone.
    • 2
    • Źródło terminu
    • kaba
    • 9
    • KHW
    • 522199
650 -Hasło przedmiotowe [ ,7]
    • a
    • Hasło przedmiotowe
    • Wychowanie w rodzinie
    • z
    • Określnik geograficzny
    • Stany Zjednoczone.
    • 2
    • Źródło terminu
    • kaba
    • 9
    • KHW
    • 392019
980 -Symbol UKD [ , ]
    • a
    • UKD
    • 173:159.922.7:37.018.1
700 -Hasło dodatkowe - nazwa osobowa [1, ]
    • a
    • Nazwa osobowa (NP)
    • Czwojdrak, Aleksandra. Find
    • e
    • Określenie rodzaju współpracy
    • Tł.
    • 9
    • KHW
    • 15011
710 -Hasło dodatkowe - nazwa ciała zbiorowego [2, ]
    • a
    • Nazwa ciała zbiorowego lub nazwa geograficzna jako pierwszy element (NP)
    • Oficyna Wydawnicza "Vocatio".
    • 4
    • Kod relacji
    • pbl
    • 9
    • KHW
    • 77268
920 -ISBN [ , ]
    • a
    • ISBN
    • 83-85435-31-X Find
Lokalizacja Data inwentaryzacji Status udost. Numer inwentarzowy
BG1995-03-211Pd.7704